[Event "Iraklio Epikoinonia U1800 1st"]
[Site "Iraklio"]
[Date "2011.12.07"]
[Round "5.1"]
[White "Alexiadis, Hristos"]
[Black "Harokopos, Hristos"]
[Result "1-0"]
[WhiteElo "1643"]
[BlackElo "1644"]
[PlyCount "93"]
[EventDate "2011.11.09"]
[EventType "tourn"]
[EventRounds "7"]
[EventCountry "GRE"]
[SourceTitle "EXT 2024"]
[Source "ChessBase"]
[SourceDate "2023.10.10"]
[SourceVersion "1"]
[SourceVersionDate "2023.10.10"]
[SourceQuality "1"]

1. Nf3 Nf6 2. d4 e6 3. c4 Bb4+ 4. Bd2 Be7 5. g3 b6 6. Bg2 Bb7 7. 0-0 0-0 8. Nc3 d5 9. Re1 Nbd7 10. cxd5 exd5 11. Bf4 a6 12. Ne5 c5 13. e3 Rc8 14. g4 cxd4 15. exd4 Bb4 16. g5 Bxc3 17. bxc3 Ne8 18. Bh3 f5 19. gxf6 Nexf6 20. Be6+ Kh8 21. Nf7+ Rxf7 22. Bxf7 Qf8 23. Be6 Rxc3 24. Bg3 b5 25. Qe2 Nb6 26. Bf5 Bc8 27. Bxc8 Rxc8 28. Qe7 Ne4 29. Qe6 Qd8 30. Rac1 Rc4 31. Rxc4 Nxc4 32. f3 Nf6 33. Bh4 Nd6 34. Bxf6 gxf6 35. Qxd5 Qg8+ 36. Qxg8+ Kxg8 37. Re6 Nf5 38. d5 Kf7 39. Rxa6 Nd4 40. Kf2 Ke7 41. Rb6 h6 42. Ke3 Nf5+ 43. Ke4 Nd6+ 44. Rxd6 Kxd6 45. Kd4 h5 46. h4 b4 47. f4 1-0

[Event "Iraklio Epikoinonia U1800 1st"]
[Site "Iraklio"]
[Date "2011.11.09"]
[Round "1.1"]
[White "Panagos, Theodoros"]
[Black "Harokopos, Hristos"]
[Result "1/2-1/2"]
[WhiteElo "1690"]
[BlackElo "1644"]
[PlyCount "96"]
[EventDate "2011.11.09"]
[EventType "tourn"]
[EventRounds "7"]
[EventCountry "GRE"]
[SourceTitle "EXT 2024"]
[Source "ChessBase"]
[SourceDate "2023.10.10"]
[SourceVersion "1"]
[SourceVersionDate "2023.10.10"]
[SourceQuality "1"]

1. e4 c6 2. d4 d5 3. exd5 cxd5 4. Bd3 Nf6 5. Nd2 Bg4 6. Ngf3 e6 7. 0-0 Bd6 8. h3 Bh5 9. c3 0-0 10. Re1 Nbd7 11. Qc2 Bg6 12. Bxg6 hxg6 13. Ne5 Qc7 14. Ndf3 b5 15. Qe2 a6 16. Nxd7 Nxd7 17. Bd2 Bf4 18. Bxf4 Qxf4 19. a4 Qb8 20. axb5 Qxb5 21. Qxb5 axb5 22. Kf1 Nb6 23. Ke2 f6 24. Kd3 Kf7 25. b3 Rfc8 26. Rec1 g5 27. Rxa8 Rxa8 28. Rc2 Ra1 29. Ke2 g6 30. Rb2 Ra7 31. Kd3 Ke7 32. Kc2 Kd6 33. Kb1 Ra3 34. Kc2 Kc6 35. Rb1 Ra2+ 36. Rb2 Ra6 37. Ne1 Nd7 38. Nd3 Kd6 39. Kb1 Ra3 40. Nb4 Nb8 41. Ra2 Rxa2 42. Kxa2 Nc6 43. Nxc6 Kxc6 44. Kb2 e5 45. Kc2 e4 46. g3 f5 47. b4 f4 48. g4 Kd6 1/2-1/2

[Event "Fyli op 2nd"]
[Site "Fyli"]
[Date "2011.05.06"]
[Round "3"]
[White "Fessas, Prokopios"]
[Black "Harokopos, Hristos"]
[Result "1-0"]
[WhiteElo "1924"]
[BlackElo "1580"]
[PlyCount "95"]
[EventDate "2011.04.15"]
[EventType "swiss"]
[EventRounds "7"]
[EventCountry "GRE"]
[SourceTitle "EXT 2013"]
[Source "ChessBase"]
[SourceDate "2012.11.22"]
[SourceVersion "1"]
[SourceVersionDate "2012.11.22"]
[SourceQuality "1"]

1. Nf3 Nf6 2. c4 e6 3. Nc3 d5 4. d4 Be7 5. Bf4 a6 6. c5 0-0 7. e3 Nc6 8. h3 Re8 9. a3 Nd7 10. Bd3 Bf6 11. Qc2 g6 12. 0-0 e5 13. Nxe5 Ndxe5 14. dxe5 Nxe5 15. Be2 c6 16. Na4 Nd7 17. Rfd1 Be5 18. Bxe5 Rxe5 19. Rd4 Qc7 20. Rad1 Re7 21. Bf3 Ne5 22. Be2 Be6 23. Nc3 Nd7 24. b4 a5 25. Qd2 axb4 26. axb4 f5 27. Qb2 b5 28. Ra1 Ree8 29. Rdd1 Qb7 30. Rxa8 Rxa8 31. Ra1 Ra7 32. Bf3 Qa8 33. Rxa7 Qxa7 34. Ne2 Qc7 35. Qa1 Nf8 36. Nd4 Bd7 37. Qa8 Kf7 38. h4 Ke7 39. g3 Kf7 40. Be2 Kg7 41. Qa1 Qe5 42. Ne6+ Kf6 43. Qxe5+ Kxe5 44. Nxf8 Bc8 45. Nxh7 d4 46. Bd3 Be6 47. f4+ Kd5 48. Nf6# 1-0